000
003130000a22001450004500
003
MACL
040
_a
MACL
090
_c
32748
_d
32746
100
_a
Bright, P S
245
_a
Hand book of Letters Writing
260
_b
Bright Careers Institute
350
_a
25
650
_a
Linguistics
942
_c
BOOK
_k
419/BRI
999
_c
32413
_d
32413